Valtiollinen protokolla Suomessa - Statistics

Yleistilastot
  • Tätä visaa on pelattu 323 kertaa
  • Keskiarvotulos 5 / 11
Vastaustilastot
Hint Vastaus % Oikein
1. Tasavallan presidentti
100%
4. Pääministeri
96%
3. Eduskunnan puhemies
74%
5. Pääministerin sijainen
69%
6. Muut ministerit toimivuosien mukaan
53%
9. Puolustusvoimain komentaja
50%
11. Arkkipiispa
24%
2. Entiset presidentit virkaanastumisjärjestyksessä
24%
7. Korkeimman oikeuden presidentti
19%
10. Oikeuskansleri
19%
8. Korkeimman hallinto-oikeuden presidentti
8%
Ehtoja vastaavia visoja ei löytynyt
Tulosjakauma
Jokaisen tuloksen saaneiden osuus
Persentiili vastausten määrän mukaan
Tuloshistoriasi
Et ole pelannut tätä visaa